00305nam a22000977a 4500008004100000100001800041245006800059260002200127300003600149773002200185210130b ||||| |||| 00| 0 eng d aHusain, Sabha aThe other face of azadi: The presence of women in the movement  aSocial Scientist  a48(7-8), Jul-Aug, 2020: p.59-74 aSocial Scientist